| 000 | 00421nam a22001697a 4500 | ||
|---|---|---|---|
| 003 | MPLRDC | ||
| 005 | 20220104164927.0 | ||
| 008 | 210129b ||||| |||| 00| 0 eng d | ||
| 020 | _a0-273-00878-1 | ||
| 082 | _a446.07 DOU v.1 | ||
| 100 | _aJOHN F.DOUGLAS | ||
| 245 |
_aSOLUTION OF PROBLEMS IN FLUID MECHANICS _c |
||
| 260 |
_a _bPITMAN PUBLICSHING LTD _c |
||
| 300 | _b平 | ||
| 650 | _a | ||
| 942 |
_cBK _o446.07 DOU v.1 |
||
| 999 |
_c57218 _d57208 |
||